Reactions of hydrogen with organic compounds over copper-chromium oxide and nickel catalysts /

Bibliographic Details
Main Author: Adkins, Homer, 1892-1949
Format: Book
Language:English
Published: Madison, Wis. : University of Wisconsin Press, [1937]
Subjects:

MARC

Tag First Indicator Second Indicator Subfields
LEADER 00000cam a2200000M 4500
001 in00000453039
005 20151012085612.0
008 800523s1937 wiuaf rb 001 0 eng d
035 |a (OCoLC)ocm63618870 
035 |9 ABY3222AM 
040 |a PAU  |c PAU  |d UtOrBLW 
049 |a TXAM 
090 |a QD281.H8  |b A35 1937a 
100 1 |a Adkins, Homer,  |d 1892-1949. 
245 1 0 |a Reactions of hydrogen with organic compounds over copper-chromium oxide and nickel catalysts /  |c [by] Homer Adkins ... 
264 1 |a Madison, Wis. :  |b University of Wisconsin Press,  |c [1937] 
264 4 |c [©1937] 
300 |a ix, 178 pages including illustrations, tables :  |b 2 plates ;  |c 25 cm. 
336 |a text  |b txt  |2 rdacontent 
337 |a unmediated  |b n  |2 rdamedia 
338 |a volume  |b nc  |2 rdacarrier 
500 |a "The present volume is an attempt to correlate and summarize, and to indicate the significance of, experimental results in this laboratory in the development of high-pressure hydrogenation as a tool for use in synthetic organic chemistry."--introduction. 
500 |a Reprint of the original edition published by the University of Wisconsin Press, 1937. -- Includes bibliographic references and index. 
500 |a Cover-title. 
500 |a Thesis note stamped on cover. 
500 |a Reprinted by University Microfilms. 
504 |a "Literature cited": pages [145]-149. 
650 0 |a Hydrogenation. 
650 0 |a Catalysis. 
650 0 |a Copper-chromium oxide. 
650 0 |a Nickel. 
994 |a C0  |b TXA 
999 |a MARS 
999 f f |s d80a715c-62bd-3f6e-9cfd-dc0edce14871  |i b4072030-9c96-36f8-8cc7-826f345b9134  |t 0 
952 f f |p ric  |a Texas A&M University  |b Rellis Campus  |c Joint Library Facility  |d Remote Storage  |t 0  |e QD281.H8 A35 1937a  |h Library of Congress classification  |i unmediated -- volume  |m A14800938496 
998 f f |a QD281.H8 A35 1937a  |t 0  |l Remote Storage